|
|
|
|
| LEADER |
03039cam a2200457Ia 4500 |
| 001 |
ocn320531792 |
| 003 |
OCoLC |
| 005 |
20100917015550.0 |
| 006 |
m d |
| 007 |
cr un||||||||| |
| 008 |
090508s2005 ctu ob 000 0 eng d |
| 020 |
|
|
|a 9781849500593 (electronic bk.) :
|c £74.95 ; € 109.95 ; $138.95
|
| 020 |
|
|
|a 1849500592 (electronic bk.) :
|c £74.95 ; € 109.95 ; $138.95
|
| 020 |
|
|
|z 9780762306794 (hbk.)
|
| 020 |
|
|
|z 0762306793 (hbk.)
|
| 040 |
|
|
|a VVL
|b eng
|c VVL
|d ZJC
|d GrThAP
|
| 050 |
1 |
4 |
|a LB2322.2
|b .C657 2005
|
| 072 |
|
7 |
|a JNMN
|2 bicssc
|
| 072 |
|
7 |
|a EDU015000
|2 bisacsh
|
| 080 |
|
|
|a 378
|
| 082 |
0 |
4 |
|a 378.1/01
|2 22
|
| 245 |
0 |
0 |
|a Comparative perspectives on universities
|h [electronic resource] /
|c edited by Ragnvald Kalleberg, Fredrik Engelstad, Grete Brochmann, Arnlaug Leira and Lars Mjøset.
|
| 260 |
|
|
|a Stamford, Conn :
|b JAI Press,
|c 2005.
|
| 300 |
|
|
|a 1 online resource (xxv, 281 p.)
|
| 490 |
1 |
|
|a Comparative social research,
|x 0195-6310 ;
|v v. 19
|
| 504 |
|
|
|a Includes bibliographical references.
|
| 505 |
0 |
|
|a Introduction / Ragnvald Kalleberg -- Learning academic labor / Patricia J. Gumport -- Early and late adoption of knowledge products: strategic or institutional behavior? / Jeroen Huisman and Eric Beerkens -- The specificity of American higher education / Craig Calhoun -- Analyzing organizational change in higher education / ôse Gornitzka and Peter Maassen -- Policy regimes and policy change: comparing higher education reform policy in three European countries / Ivar Bleiklie -- Governmental steering and innovations in university curricula / Ineke Jenniskens -- Pushing universities to market their products: redefinitions of academic activities in Finland / Marja Häyrinen-Alestalo, Karoliina Snell, and Ulla Peltola -- Review symposium on Burton Clark's Places of inquiry -- Places of inquiry: research and advanced education in modern universities / Burton R. Clark -- Universities: complex bundle institutions and the projects of enlightenment / Ragnvald Kalleberg -- Research and the making of frames / Guy Neave -- Comments on the review essays by Ragnvald Kalleberg and Guy Neave / Burton R. Clark.
|
| 588 |
|
|
|a Description based on print version record.
|
| 600 |
1 |
0 |
|a Clark, Burton R.
|t Places of inquiry.
|
| 650 |
|
0 |
|a Universities and colleges
|v Cross-cultural studies.
|
| 650 |
|
0 |
|a Universities and colleges
|x Administration
|v Cross-cultural studies.
|
| 650 |
|
0 |
|a Education, Higher
|x Aims and objectives
|v Cross-cultural studies.
|
| 650 |
|
0 |
|a Universities and colleges
|x Research.
|
| 650 |
|
7 |
|a Universities.
|2 bicssc
|
| 650 |
|
7 |
|a Education
|x Higher.
|2 bisacsh
|
| 700 |
1 |
|
|a Kalleberg, Ragnvald.
|
| 740 |
4 |
2 |
|a The specificity of American higher education.
|
| 776 |
0 |
8 |
|i Print version:
|t Comparative perspectives on universities.
|d Stamford, Conn : JAI Press, 2005
|z 0762306793
|w (OCoLC)191733593
|
| 830 |
|
0 |
|a Comparative social research ;
|v v. 19.
|
| 856 |
4 |
0 |
|u http://www.emeraldinsight.com/0195-6310/19
|z Full Text via HEAL-Link
|
| 913 |
|
|
|1 SSbacklist
|